000 00312nam a2200121Ia 4500
008 240624s9999 xx 000 0 und d
041 _aeng
082 _a332.1 TAL
100 _aTALUKDAR T C
245 _aGUIDE TO CAIIB MCQS ON ADV BANK MANAGEME
260 _c2015
_aKolkata
_bLawpoint Publications
365 _cRS
999 _c27831
_d27831